[Event "Fagernes International 2022"]
[Site "Fagernes"]
[Date "2022.04.12"]
[Round "4.7"]
[White "Helgoy, Hakon"]
[Black "Myagmarsuren, Evsuld"]
[Result "0-1"]
[WhiteElo "1732"]
[BlackElo "1858"]
[Annotator "NA RC"]
[PlyCount "108"]
[EventDate "2022.04.10"]
[EventCountry "NOR"]
[SourceTitle "playchess.com"]
[Source "ChessBase"]
[SourceQuality "1"]

1. e4 {[%emt 0:00:02]} c5 {[%emt 0:00:06]} 2. d4 {[%emt 0:00:20]} cxd4 {[%emt 0:00:05]} 3. c3 {[%emt 0:00:04]} dxc3 {[%emt 0:00:16]} 4. Nxc3 {[%emt 0:00:08]} Nc6 {[%emt 0:00:05]} 5. Nf3 {[%emt 0:00:06]} Nf6 {[%emt 0:00:51]} 6. Bc4 {[%emt 0:01:15]} e6 {[%emt 0:00:52]} 7. O-O {[%emt 0:00:27]} Be7 {[%emt 0:01:14]} 8. e5 {[%emt 0:03:46]} Ng4 {[%emt 0:05:15]} 9. Qe2 {[%emt 0:00:43]} Qc7 {[%emt 0:05:40]} 10. Bf4 {[%emt 0:02:41]} a6 {[%emt 0:10:06]} 11. Rfd1 {[%emt 0:10:26]} b5 {[%emt 0:11:17]} 12. Bb3 {[%emt 0:00:40]} Bb7 {[%emt 0:16:49]} 13. Rac1 {[%emt 0:07:47]} f5 {[%emt 0:09:03]} 14. Nd4 {[%emt 0:37:24]} Nxd4 {[%emt 0:02:58]} 15. Rxd4 {[%emt 0:00:15]} Qb6 {[%emt 0:12:24]} (15... Qc6 $2 16. Ne4 Qb6 17. Nd6+ Bxd6 18. Rxd6 Qxf2+ 19. Qxf2 Nxf2 20. Rc7 $18) (15... Bc5 $2 {[#]} 16. Nxb5 $1 axb5 17. Qxb5 $18) (15... Rc8 $11 {might be stronger.} 16. Rcd1 Bc5 17. Rxd7 Qc6 18. Rxb7 Qxb7) 16. Rd6 {[%emt 0:03:57]} Bxd6 {[%emt 0:01:51]} 17. exd6 {[%emt 0:00:10]} O-O {[%emt 0:01:10]} 18. h3 {[%emt 0:02:43]} Nf6 {[%emt 0:00:57]} 19. Qe5 {[%emt 0:19:07]} Rac8 {[%emt 0:04:21]} 20. Be3 {[%emt 0:00:51]} Qd8 {[%emt 0:05:10]} ({Wrong is} 20... Qc6 $2 21. f3 Ba8 22. Bd4 $17 (22. Ne2 $2 Qb7 $19)) 21. Rd1 {[%emt 0:01:55]} Qe8 {[%emt 0:04:34]} 22. Bb6 {[%emt 0:02:47]} (22. f3 {was called for.}) 22... Qg6 {[%emt 0:01:06]} 23. g3 {[%emt 0:00:56]} b4 {[%emt 0:01:45]} 24. Ne2 {[%emt 0:01:08]} Qh5 {[%emt 0:00:48]} 25. Nf4 {[%emt 0:00:10]} Qf3 {[%emt 0:00:17]} 26. Kh2 {[%emt 0:00:16]} Rf7 {[%emt 0:07:24]} 27. Re1 {[%emt 0:04:10]} Nh5 {[%emt 0:04:13]} 28. Bd1 {[%emt 0:02:03]} Qc6 {[%emt 0:00:01]} 29. Bxh5 {[%emt 0:00:25]} Qxb6 {[%emt 0:05:39]} 30. Bxf7+ {[%emt 0:00:04]} Kxf7 {[%emt 0:00:01]} 31. Nd3 {[%emt 0:01:54]} Rc2 {[%emt 0:01:16]} 32. Qf4 {[%emt 0:01:19]} g5 {[%emt 0:01:20]} 33. Qe3 {[%emt 0:01:39]} Qxe3 {[%emt 0:00:34]} 34. Rxe3 {[%emt 0:00:04]} Rd2 {[%emt 0:01:04]} 35. Kg1 {[%emt 0:00:57]} (35. a3 {is a better defense.}) 35... a5 {[%emt 0:00:18]} 36. a3 {[%emt 0:00:21]} Rd1+ {[%emt 0:00:14]} 37. Ne1 {[%emt 0:00:07]} Rxd6 {[%emt 0:00:12]} 38. axb4 {[%emt 0:00:23]} axb4 {[%emt 0:00:11]} 39. f4 {[%emt 0:00:17]} gxf4 {[%emt 0:00:27]} 40. gxf4 {[%emt 0:00:04]} Rd1 {[%emt 0:00:53]} 41. b3 {[%emt 0:00:31]} d5 {[%emt 0:00:27]} (41... d6 $142 42. Kh2 Be4) 42. Kf2 {[%emt 0:00:27]} Rd2+ {[%emt 0:00:36]} 43. Kg3 {[%emt 0:00:26]} d4 {[%emt 0:00:21]} 44. Re5 {[%emt 0:01:31]} Bd5 {[%emt 0:00:16]} 45. Kh4 {[%emt 0:00:38]} d3 {[%emt 0:00:38]} 46. Re3 {[%emt 0:00:40]} Re2 {[%emt 0:00:17]} 47. Rxd3 {[%emt 0:00:37]} Rxe1 {[%emt 0:00:07]} 48. Rd4 {[%emt 0:00:15]} Re4 {[%emt 0:00:13]} 49. Rd2 {[%emt 0:00:45]} Rxf4+ {[%emt 0:00:21]} 50. Kg5 {[%emt 0:00:25]} Rf3 {[%emt 0:00:44]} 51. h4 {[%emt 0:00:35]} Rg3+ {[%emt 0:01:45]} 52. Kf4 {[%emt 0:00:19]} Rg4+ {[%emt 0:00:30]} 53. Ke5 {[%emt 0:00:11]} Ke7 {[%emt 0:00:18]} 54. Rc2 {[%emt 0:01:02]} Re4# {[%emt 0:00:32]} 0-1

[Event "Fagernes International 2022"]
[Site "Fagernes"]
[Date "2022.04.12"]
[Round "4.8"]
[White "Vangen, David Luangtep"]
[Black "Pedersen, Max Moe"]
[Result "1-0"]
[WhiteElo "1665"]
[BlackElo "1933"]
[Annotator "RC"]
[PlyCount "47"]
[EventDate "2022.04.10"]
[EventCountry "NOR"]
[SourceTitle "playchess.com"]
[Source "ChessBase"]
[SourceQuality "1"]

1. e4 {[%emt 0:06:14]} c5 {[%emt 0:00:06]} 2. b3 {[%emt 0:00:03]} d6 {[%emt 0:00:13]} 3. Bb2 {[%emt 0:00:06]} Nf6 {[%emt 0:00:09]} 4. Nc3 {[%emt 0:00:26]} Nc6 {[%emt 0:01:20]} 5. Bb5 {[%emt 0:00:18]} Bd7 {[%emt 0:00:24]} 6. d3 {[%emt 0:00:28]} e6 {[%emt 0:01:27]} 7. f4 {[%emt 0:00:08]} Be7 {[%emt 0:02:21]} 8. Nf3 {[%emt 0:05:30]} Qc7 {[%emt 0:01:27]} 9. Qd2 {[%emt 0:01:05]} a6 {[%emt 0:02:10]} 10. Bxc6 {[%emt 0:00:06]} Bxc6 {[%emt 0:00:06]} 11. O-O-O {[%emt 0:00:16]} O-O-O {[%emt 0:02:19]} 12. Kb1 {[%emt 0:01:59]} Nd7 {[%emt 0:06:08]} 13. Rhe1 {[%emt 0:08:25]} Bf6 {[%emt 0:02:14]} 14. g4 {[%emt 0:02:37]} g6 {[%emt 0:01:17]} 15. g5 {[%emt 0:04:56]} Bg7 {[%emt 0:00:16]} 16. Qf2 {[%emt 0:05:02]} Rhg8 {[%emt 0:06:43]} 17. h4 {[%emt 0:00:28]} b5 {[%emt 0:01:10]} 18. a3 {[%emt 0:05:06]} Qa5 {[%emt 0:05:09]} 19. d4 {[%emt 0:09:22]} c4 {[%emt 0:19:42]} 20. d5 {[%emt 0:11:11]} Bxc3 {[%emt 0:05:46]} 21. dxc6 {[%emt 0:02:49]} Bxb2 {[%emt 0:00:23]} 22. cxd7+ {[%emt 0:00:12]} Rxd7 {[%emt 0:00:11]} 23. Kxb2 {[%emt 0:00:27]} c3+ {[%emt 0:01:17]} 24. Ka2 {[%emt 0:00:09]} 1-0

[Event "Fagernes International 2022"]
[Site "Fagernes"]
[Date "2022.04.12"]
[Round "4.9"]
[White "Langvik, Ulrikke"]
[Black "Ji, Jiahao Eric"]
[Result "1-0"]
[WhiteElo "1579"]
[BlackElo "1664"]
[Annotator "NA RC"]
[PlyCount "91"]
[EventDate "2022.04.10"]
[EventCountry "NOR"]
[SourceTitle "playchess.com"]
[Source "ChessBase"]
[SourceQuality "1"]

1. d4 {[%emt 0:00:03]} e6 {[%emt 0:00:05]} 2. e4 {[%emt 0:00:49]} b6 {[%emt 0:00:05]} 3. Nf3 {[%emt 0:00:47]} Bb7 {[%emt 0:00:07]} 4. Bd3 {[%emt 0:01:08]} d5 {[%emt 0:00:22]} 5. e5 {[%emt 0:03:06]} c5 {[%emt 0:00:15]} 6. c3 {[%emt 0:04:06]} Ne7 {[%emt 0:05:29]} 7. Bg5 {[%emt 0:11:39]} Qd7 {[%emt 0:07:03]} 8. O-O {[%emt 0:03:57]} a5 {[%emt 0:00:45]} 9. a4 {[%emt 0:12:14]} Ba6 {[%emt 0:00:15]} 10. Na3 {[%emt 0:01:41]} Bxd3 {[%emt 0:01:54]} 11. Qxd3 {[%emt 0:00:04]} h6 {[%emt 0:00:29]} 12. Nb5 {[%emt 0:04:35]} c4 {[%emt 0:07:30]} 13. Qc2 {[%emt 0:02:31]} Nf5 {[%emt 0:01:44]} 14. Bc1 {[%emt 0:02:54]} g5 {[%emt 0:05:22]} 15. g4 {[%emt 0:05:45]} Ng7 {[%emt 0:02:16]} 16. b3 {[%emt 0:01:15]} cxb3 {[%emt 0:02:14]} 17. Qxb3 {[%emt 0:00:04]} Nc6 {[%emt 0:00:45]} 18. Ba3 {[%emt 0:03:55]} Bxa3 {[%emt 0:01:44]} 19. Qxa3 {[%emt 0:03:52]} Qe7 {[%emt 0:03:26]} 20. Rfb1 {[%emt 0:07:38]} Qxa3 {[%emt 0:07:43]} 21. Rxa3 {[%emt 0:00:10]} Ke7 {[%emt 0:01:18]} 22. Rab3 {[%emt 0:03:52]} Rhb8 {[%emt 0:02:01]} 23. Nd2 {[%emt 0:05:48]} Ne8 {[%emt 0:02:12]} 24. c4 {[%emt 0:01:04]} Nb4 {[%emt 0:01:49]} 25. cxd5 {[%emt 0:00:24]} exd5 {[%emt 0:00:47]} 26. Rh3 {[%emt 0:01:11]} Rc8 {[%emt 0:05:53]} 27. Rxh6 {[%emt 0:01:35]} Ng7 {[%emt 0:04:09]} 28. Rxb6 {[%emt 0:01:57]} Ne6 {[%emt 0:00:29]} 29. Nb3 {[%emt 0:06:13]} Nf4 {[%emt 0:07:50]} 30. Rb7+ {[%emt 0:01:24]} Kf8 {[%emt 0:00:44]} 31. Nc5 {[%emt 0:03:03]} Kg8 {[%emt 0:02:47]} 32. Kf1 {[%emt 0:04:47]} Nbd3 {[%emt 0:05:01]} 33. Nxd3 {[%emt 0:04:29]} Nxd3 {[%emt 0:00:51]} 34. Nc7 {[%emt 0:00:25]} Rxc7 {[%emt 0:00:33]} 35. Rxc7 {[%emt 0:00:08]} Nf4 {[%emt 0:00:13]} 36. Rcb7 {[%emt 0:01:38]} Kg7 {[%emt 0:00:19]} 37. R1b5 {[%emt 0:01:40]} Rh8 {[%emt 0:01:18]} 38. e6 {[%emt 0:03:40]} Nxe6 {[%emt 0:04:50]} 39. Rxd5 {[%emt 0:00:39]} Rxh2 {[%emt 0:00:24]} 40. Rdd7 {[%emt 0:01:40]} Rh1+ {[%emt 0:01:12]} 41. Kg2 {[%emt 0:00:30]} Rd1 {[%emt 0:01:39]} 42. Rxf7+ {[%emt 0:03:43]} Kg6 {[%emt 0:00:17]} 43. Rfd7 {[%emt 0:02:17]} Kf6 {[%emt 0:02:47]} 44. Rb6 {[%emt 0:01:32]} Ra1 {[%emt 0:01:34]} 45. d5 {[%emt 0:01:07]} Ke5 {[%emt 0:00:04]} 46. dxe6 {[%emt 0:00:32]} 1-0

[Event "Fagernes International 2022"]
[Site "Fagernes"]
[Date "2022.04.12"]
[Round "4.10"]
[White "Ali, Karim"]
[Black "Simonsen, David Mindestrommen"]
[Result "0-1"]
[WhiteElo "1786"]
[BlackElo "1633"]
[Annotator "NA RC"]
[PlyCount "32"]
[EventDate "2022.04.10"]
[EventCountry "NOR"]
[SourceTitle "playchess.com"]
[Source "ChessBase"]
[SourceQuality "1"]

1. e4 {[%emt 0:01:55]} c5 2. Nf3 {[%emt 0:00:19]} Nc6 {[%emt 0:00:13]} 3. d3 {[%emt 0:00:17]} g6 {[%emt 0:00:20]} 4. g3 {[%emt 0:00:07]} Bg7 {[%emt 0:00:22]} 5. Bg2 {[%emt 0:00:06]} d6 {[%emt 0:00:11]} 6. O-O {[%emt 0:00:48]} Nf6 {[%emt 0:00:10]} 7. Re1 {[%emt 0:00:36]} e5 {[%emt 0:00:57]} 8. a3 {[%emt 0:04:38]} O-O {[%emt 0:01:51]} 9. Nc3 {[%emt 0:04:03]} Bd7 {[%emt 0:00:55]} 10. Bd2 {[%emt 0:09:14]} Rc8 {[%emt 0:01:30]} 11. b3 {[%emt 0:09:03]} Qc7 {[%emt 0:06:27]} 12. Bg5 {[%emt 0:03:18]} Be6 {[%emt 0:02:03]} 13. Qd2 {[%emt 0:01:50]} Nd4 {[%emt 0:00:20]} 14. Rac1 {[%emt 0:13:23]} Qa5 {[%emt 0:08:50]} 15. Bxf6 {[%emt 0:00:11]} Bxf6 {[%emt 0:00:28]} 16. Nd5 {[%emt 0:00:05]} Nxf3+ {[%emt 0:00:30]} 0-1

[Event "Fagernes International 2022"]
[Site "Fagernes"]
[Date "2022.04.12"]
[Round "4.11"]
[White "Andersen, Edvard"]
[Black "Cross, Jamie"]
[Result "1/2-1/2"]
[WhiteElo "1534"]
[BlackElo "1735"]
[Annotator "NA RC"]
[PlyCount "73"]
[EventDate "2022.04.10"]
[EventCountry "NOR"]
[SourceTitle "playchess.com"]
[Source "ChessBase"]
[SourceQuality "1"]

1. e4 {[%emt 0:00:12]} g6 {[%emt 0:10:15]} 2. d4 {[%emt 0:00:27]} Bg7 {[%emt 0:00:07]} 3. Nf3 {[%emt 0:00:10]} c5 {[%emt 0:00:08]} 4. c3 {[%emt 0:02:37]} cxd4 {[%emt 0:00:41]} 5. cxd4 {[%emt 0:01:01]} d5 {[%emt 0:00:18]} 6. e5 {[%emt 0:01:08]} Bg4 {[%emt 0:01:57]} 7. Qa4+ {[%emt 0:03:06]} Nc6 {[%emt 0:04:41]} 8. Be2 {[%emt 0:04:19]} Nh6 {[%emt 0:07:29]} 9. h3 {[%emt 0:01:32]} Bxf3 {[%emt 0:01:07]} 10. Bxf3 {[%emt 0:00:36]} O-O {[%emt 0:00:40]} 11. Nc3 {[%emt 0:05:11]} e6 {[%emt 0:00:38]} 12. Be3 {[%emt 0:18:06]} Qb6 {[%emt 0:11:36]} 13. O-O {[%emt 0:08:09]} Nf5 {[%emt 0:09:40]} 14. Ne2 {[%emt 0:06:54]} Nxe3 {[%emt 0:00:35]} 15. fxe3 {[%emt 0:00:03]} Qxb2 {[%emt 0:00:20]} 16. Rab1 {[%emt 0:01:39]} Qd2 {[%emt 0:00:47]} 17. Rxb7 {[%emt 0:00:43]} Qxe3+ {[%emt 0:00:51]} 18. Kh1 {[%emt 0:00:20]} Rac8 {[%emt 0:16:09]} 19. Rc1 {[%emt 0:02:27]} Nxe5 {[%emt 0:01:02]} 20. Rxc8 {[%emt 0:01:47]} Nxf3 {[%emt 0:00:06]} 21. Rxf8+ {[%emt 0:00:25]} Bxf8 {[%emt 0:00:06]} 22. Qb3 {[%emt 0:14:04]} Qxe2 {[%emt 0:01:15]} 23. Qxf3 {[%emt 0:00:16]} Qe1+ {[%emt 0:00:16]} 24. Kh2 {[%emt 0:00:08]} Bd6+ {[%emt 0:00:55]} 25. g3 {[%emt 0:00:08]} Qd2+ {[%emt 0:02:31]} 26. Kh1 {[%emt 0:03:06]} f5 {[%emt 0:07:06]} 27. Rd7 {[%emt 0:16:00]} Bf8 {[%emt 0:09:05]} 28. Rxa7 {[%emt 0:05:41]} Qxd4 {[%emt 0:01:39]} 29. Ra8 {[%emt 0:00:27]} Kf7 {[%emt 0:04:43]} 30. Qf4 {[%emt 0:03:57]} Qa1+ {[%emt 0:04:30]} 31. Kg2 {[%emt 0:00:07]} e5 {[%emt 0:01:01]} 32. Qa4 {[%emt 0:06:10]} Qb2+ {[%emt 0:00:20]} 33. Kf1 {[%emt 0:00:34]} Qc1+ {[%emt 0:02:18]} 34. Ke2 {[%emt 0:00:20]} Qb2+ {[%emt 0:00:27]} 35. Kf1 {[%emt 0:01:54]} Qc1+ {[%emt 0:02:44]} 36. Ke2 {[%emt 0:00:40]} Qb2+ {[%emt 0:04:00]} 37. Kf1 {[%emt 0:01:26]} 1/2-1/2

[Event "Fagernes International 2022"]
[Site "Fagernes"]
[Date "2022.04.12"]
[Round "4.12"]
[White "Kittilsen, Sigurd"]
[Black "Tiupenko, Mihail"]
[Result "1-0"]
[WhiteElo "1848"]
[BlackElo "1621"]
[Annotator "NA RC"]
[PlyCount "93"]
[EventDate "2022.04.10"]
[EventCountry "NOR"]
[SourceTitle "playchess.com"]
[Source "ChessBase"]
[SourceQuality "1"]

1. e4 e5 2. Nf3 Nc6 3. d4 exd4 4. Nxd4 Bc5 5. Nxc6 bxc6 6. Bd3 Qh4 7. Qf3 Nf6 8. Be3 Bxe3 9. Qxe3 O-O 10. Nd2 d5 11. Qg3 Qxg3 12. hxg3 dxe4 13. Nxe4 Nxe4 14. Bxe4 Re8 15. O-O-O Bg4 16. Bxh7+ Kf8 17. f3 Be6 18. Be4 Red8 19. Rh8+ Ke7 20. Rdxd8 Rxd8 21. Rxd8 Kxd8 22. Bxc6 Ke7 23. Be4 Kd6 24. a3 Kc5 25. Kd2 Kd4 26. Bd3 c5 27. c3+ Ke5 28. b4 cxb4 29. axb4 Bb3 30. Ke3 Kd5 31. Bb5 f6 32. Kd3 Ke5 33. c4 g5 34. Bc6 f5 35. c5 Be6 36. b5 Bc8 37. Kc3 Be6 38. f4+ gxf4 39. gxf4+ Kxf4 40. b6 axb6 41. cxb6 Bc8 42. b7 Bxb7 43. Bxb7 Ke3 44. Bc6 {[%emt 71:21:41]} f4 45. Ba8 {[%emt 0:03:00]} Kf2 46. Kd3 {[%emt 0:00:20]} Kg3 47. Ke2 {[%emt 0:00:55]} 1-0

[Event "Fagernes International 2022"]
[Site "Fagernes"]
[Date "2022.04.12"]
[Round "4.13"]
[White "Wiig, Ole Martin"]
[Black "Stromsodd, Jonas W"]
[Result "1-0"]
[WhiteElo "1797"]
[BlackElo "1588"]
[Annotator "NA RC"]
[PlyCount "88"]
[EventDate "2022.04.10"]
[EventCountry "NOR"]
[SourceTitle "playchess.com"]
[Source "ChessBase"]
[SourceQuality "1"]

1. e4 {[%emt 0:00:02]} d5 {[%emt 0:00:06]} 2. exd5 {[%emt 0:00:57]} Nf6 {[%emt 0:00:08]} 3. Nf3 {[%emt 0:01:22]} Bg4 {[%emt 0:01:08]} 4. Be2 {[%emt 0:01:34]} Qxd5 {[%emt 0:00:11]} 5. O-O {[%emt 0:05:44]} Nc6 {[%emt 0:00:35]} 6. Nc3 {[%emt 0:03:46]} Qh5 {[%emt 0:01:44]} 7. d3 {[%emt 0:03:38]} e5 {[%emt 0:01:57]} 8. Bd2 {[%emt 0:05:39]} O-O-O {[%emt 0:00:30]} 9. a3 {[%emt 0:03:23]} e4 {[%emt 0:04:34]} 10. dxe4 {[%emt 0:20:21]} Bd6 {[%emt 0:00:35]} 11. g3 {[%emt 0:02:37]} Ne5 {[%emt 0:05:32]} 12. Nxe5 {[%emt 0:03:55]} Bxe2 {[%emt 0:14:12]} 13. Qxe2 {[%emt 0:03:13]} Qxe2 {[%emt 0:00:20]} 14. Nxe2 {[%emt 0:00:12]} Bxe5 {[%emt 0:01:14]} 15. Bc3 {[%emt 0:01:23]} Bxc3 {[%emt 0:01:06]} 16. Nxc3 {[%emt 0:00:12]} Rhe8 {[%emt 0:01:35]} 17. f3 {[%emt 0:01:11]} Rd2 {[%emt 0:00:23]} 18. Rac1 {[%emt 0:06:10]} g5 {[%emt 0:02:20]} 19. Rfd1 {[%emt 0:03:43]} Red8 {[%emt 0:00:42]} 20. Rxd2 {[%emt 0:01:25]} Rd6 {[%emt 0:00:09]} 21. Rd3 Rxd3 22. e5 {[%emt 0:02:30]} Rd2 23. Ne4 {[%emt 0:01:45]} Nd7 24. Nxg5 {[%emt 0:04:56]} Re2 25. f4 Nxe5 26. fxe5 {[%emt 0:05:59]} h6 27. Rd1 hxg5 28. Rf1 Rxe5 {[%emt 0:00:53]} 29. Rxf7 {[%emt 0:00:17]} Re2 {[%emt 0:00:23]} 30. Rf2 {[%emt 0:00:24]} Re1+ {[%emt 0:01:01]} 31. Kg2 {[%emt 0:00:27]} Re7 {[%emt 0:01:26]} 32. Kh3 {[%emt 0:01:58]} Re4 {[%emt 0:02:14]} 33. Rd2 {[%emt 0:01:26]} c6 {[%emt 0:00:46]} 34. b3 {[%emt 0:01:28]} Kc7 {[%emt 0:00:36]} 35. a4 {[%emt 0:00:28]} Kb6 {[%emt 0:01:01]} 36. Kg2 {[%emt 0:00:28]} g4 {[%emt 0:06:10]} 37. h3 {[%emt 0:01:50]} gxh3+ {[%emt 0:00:24]} 38. Kxh3 {[%emt 0:00:07]} Kc7 {[%emt 0:00:40]} 39. g4 {[%emt 0:00:16]} Re3+ {[%emt 0:01:52]} 40. Kh4 {[%emt 0:00:15]} Re1 {[%emt 0:00:25]} 41. g5 {[%emt 0:00:48]} Rg1 {[%emt 0:00:43]} 42. Kh5 {[%emt 0:00:40]} Rh1+ {[%emt 0:00:49]} 43. Kg6 {[%emt 0:00:37]} Rg1 {[%emt 0:01:28]} 44. Rf2 {[%emt 0:00:32]} Kd6 {[%emt 0:02:06]} 1-0

[Event "Fagernes International 2022"]
[Site "Fagernes"]
[Date "2022.04.12"]
[Round "4.14"]
[White "Johannessen, Theo N"]
[Black "Andersen, Martin K"]
[Result "0-1"]
[WhiteElo "1766"]
[BlackElo "1558"]
[Annotator "NA RC"]
[PlyCount "126"]
[EventDate "2022.04.10"]
[EventCountry "NOR"]
[SourceTitle "playchess.com"]
[Source "ChessBase"]
[SourceQuality "1"]

1. d4 {[%emt 0:00:05]} Nf6 {[%emt 0:00:03]} 2. Nf3 {[%emt 0:00:13]} c6 {[%emt 0:00:04]} 3. c4 {[%emt 0:00:12]} d5 {[%emt 0:00:09]} 4. Nc3 {[%emt 0:00:08]} e6 {[%emt 0:00:37]} 5. Bg5 {[%emt 0:00:09]} Be7 {[%emt 0:00:29]} 6. e3 {[%emt 0:00:14]} Nbd7 {[%emt 0:00:53]} 7. a3 {[%emt 0:00:21]} a5 {[%emt 0:00:32]} 8. c5 {[%emt 0:01:17]} b6 {[%emt 0:01:15]} 9. b4 {[%emt 0:00:43]} axb4 {[%emt 0:05:18]} 10. axb4 {[%emt 0:00:13]} Rxa1 {[%emt 0:00:04]} 11. Qxa1 {[%emt 0:00:08]} O-O {[%emt 0:01:11]} 12. Bd3 {[%emt 0:02:30]} Qc7 {[%emt 0:06:31]} 13. Bf4 {[%emt 0:01:26]} Qb7 {[%emt 0:00:12]} 14. h3 {[%emt 0:02:30]} Bd8 {[%emt 0:06:11]} 15. O-O {[%emt 0:02:49]} Bc7 {[%emt 0:00:35]} 16. Re1 {[%emt 0:15:40]} Bxf4 {[%emt 0:01:34]} 17. exf4 {[%emt 0:00:07]} Re8 {[%emt 0:02:27]} 18. Qa3 {[%emt 0:12:25]} Qb8 {[%emt 0:08:50]} 19. Ne5 {[%emt 0:01:56]} Nxe5 {[%emt 0:00:14]} 20. dxe5 {[%emt 0:05:46]} Nd7 {[%emt 0:01:41]} 21. Ne2 {[%emt 0:03:46]} Bb7 {[%emt 0:03:00]} 22. Qc3 {[%emt 0:08:03]} bxc5 {[%emt 0:02:06]} 23. bxc5 {[%emt 0:00:07]} Qa7 {[%emt 0:00:22]} 24. Rc1 {[%emt 0:01:06]} Ra8 {[%emt 0:06:24]} 25. Nd4 {[%emt 0:02:03]} Qb8 {[%emt 0:09:58]} 26. Rb1 {[%emt 0:05:37]} Qc8 {[%emt 0:00:58]} 27. Bc2 {[%emt 0:03:34]} g6 {[%emt 0:00:34]} 28. Rb4 {[%emt 0:08:45]} Qc7 {[%emt 0:09:13]} 29. Ba4 {[%emt 0:02:04]} Qa5 {[%emt 0:12:00]} 30. Nb3 {[%emt 0:01:05]} Qc7 {[%emt 0:01:50]} 31. Qb2 {[%emt 0:03:38]} Ba6 {[%emt 0:04:04]} 32. Qc3 {[%emt 0:03:29]} Bc4 {[%emt 0:01:57]} 33. Rxc4 {[%emt 0:04:05]} dxc4 {[%emt 0:00:23]} 34. Qxc4 {[%emt 0:00:08]} Rd8 {[%emt 0:04:59]} 35. Nd4 {[%emt 0:05:29]} Nb8 {[%emt 0:02:16]} 36. Nc2 {[%emt 0:03:56]} Qd7 {[%emt 0:05:15]} 37. Qb4 {[%emt 0:01:17]} Qa7 {[%emt 0:02:05]} 38. Ne3 {[%emt 0:02:41]} Nd7 {[%emt 0:05:01]} 39. Bxc6 {[%emt 0:01:02]} Nxc5 {[%emt 0:00:24]} 40. Ng4 {[%emt 0:01:21]} Qa1+ {[%emt 0:03:22]} 41. Kh2 {[%emt 0:00:14]} Qd4 {[%emt 0:00:31]} 42. Qxd4 {[%emt 0:02:58]} Rxd4 {[%emt 0:00:13]} 43. g3 {[%emt 0:03:01]} Kg7 {[%emt 0:02:52]} 44. Nf6 {[%emt 0:03:11]} h5 {[%emt 0:03:34]} 45. h4 {[%emt 0:00:25]} Rd2 {[%emt 0:00:21]} 46. Kg2 {[%emt 0:00:31]} Rb2 {[%emt 0:00:45]} 47. Be4 {[%emt 0:05:20]} Rd2 {[%emt 0:04:01]} 48. Bc6 {[%emt 0:01:01]} Nb3 {[%emt 0:03:15]} 49. Ne4 {[%emt 0:03:05]} Rb2 {[%emt 0:01:18]} 50. Nf6 {[%emt 0:01:39]} Nc5 {[%emt 0:02:08]} 51. Be4 {[%emt 0:00:47]} Rb8 {[%emt 0:00:41]} 52. Bc6 {[%emt 0:05:03]} Rb6 {[%emt 0:03:23]} 53. Ba8 {[%emt 0:01:10]} Ra6 {[%emt 0:00:25]} 54. Bf3 {[%emt 0:00:08]} Ra2 {[%emt 0:01:27]} 55. Ne8+ {[%emt 0:00:34]} Kf8 {[%emt 0:00:32]} 56. Nf6 {[%emt 0:00:09]} Nd3 {[%emt 0:00:19]} 57. Be4 {[%emt 0:01:44]} Nxf2 {[%emt 0:03:53]} 58. Kf3 {[%emt 0:00:41]} Nd1 {[%emt 0:01:23]} 59. g4 {[%emt 0:00:44]} Ra3+ {[%emt 0:03:31]} 60. Kg2 {[%emt 0:00:10]} Ne3+ {[%emt 0:01:10]} 61. Kf2 {[%emt 0:00:06]} Nxg4+ {[%emt 0:01:37]} 62. Nxg4 {[%emt 0:00:06]} hxg4 {[%emt 0:00:25]} 63. Kg2 {[%emt 0:00:23]} Ra4 {[%emt 0:01:48]} 0-1